Pokemon - Combat - Statistiques

Statistiques générales
  • Ce quiz a été pris 17 fois
  • Le résultat moyen est 15 sur 20
Statistiques - réponses
Questions Fracassantes ! Bong Bong % Correct
Lame de la justice de type acier Cobaltium
100%
Je porte une poutre Ouvrifier
100%
Evolution d'un farfuret d'une autre région Farfurex
94%
Pokemon légendaire sous sa forme danse Meloetta
94%
Koraidon est le pokemon phare du jeu Ecarlate
88%
Attaque qui inflige de gros dégâts mais baisse la défense et la défense spécial du lanceur Close Combat
81%
Capacité augmentant l'attaque et la défense Gonflette
81%
Attaque qui inflige des dégâts mais si échoue inflige la moitié des dégâts au lanceur Pied Voltige
81%
Permet d'obtenir un Gallame Pierre Aube
81%
Nous sommes six Hexadron
75%
Je prends le double type normal-combat en méga-évoluant Lockpin
75%
Starter eau de ce type Palmaval
75%
Champion d'Hoenn de ce type Bastien
69%
La dresseuse en roller au Lucario Cornélia
69%
Seul pokemon fée-combat Garde-de-Fer
69%
Pectorius en est le doyen Mele-Mele
69%
Donne le type combat à Arceus Plaque Poing
69%
Objet augmentant les attaques de type combat Ceinture Noire
56%
Talent permettant d'attaquer un pokemon spectre Querelleur
44%
Objet augmentant la première attaque combat Joyaux Combat
25%
Aucun quiz correspondant
Distribution des résultats
% des personnes avec chaque résultat
Percentile par nombre de réponses
Votre historique - résultats
Vous n’avez pas pris ce quiz